00353pab a2200121 454500008004000000100002200040245007800062260000900140300001400149362000800163650002600171773003400197180718b2006 xxu||||| |||| 00| 0 eng d aCampbell, John L. aInstitutional analysis and the paradox of corporate social responsibility c2006 ap.925-38. aMar aSocial responsibility aAmerican Behavioral Scientist